Métodos de investigación para el profesorado
Guardat en:
| Autor principal: | |
|---|---|
| Format: | Llibre |
| Idioma: | espanyol |
| Publicat: |
Madrid
Morata
1989
|
| Col·lecció: | Pedagogía
|
| Matèries: | |
| Etiquetes: |
Afegir etiqueta
Sense etiquetes, Sigues el primer a etiquetar aquest registre!
|
MARC
| LEADER | 00000nam a2200000 a 4500 | ||
|---|---|---|---|
| 001 | UCT8319 | ||
| 003 | CL-VaPUC | ||
| 008 | 970326e19890000SP |||||||||||||||||spa|d | ||
| 020 | |a 8471123320 | ||
| 082 | 0 | 4 | |a 371.302 |b WAL |2 21 |
| 100 | 0 | |a Walker, Rob |e author |9 379979 | |
| 245 | 1 | 0 | |a Métodos de investigación para el profesorado |
| 300 | |a 233 p | ||
| 942 | |c BK | ||
| 945 | |d 19970326 00:00:00 |a nastorga | ||
| 260 | |a Madrid |b Morata |c 1989 | ||
| 650 | 0 | |a Métodos de investigación |9 262618 | |
| 650 | 0 | |a Métodos de estudio |9 260518 | |
| 650 | 0 | |a Profesores |9 308968 | |
| 583 | |a last modification |c 20170510 02:05:26 |k Rodrigo Vera | ||
| 490 | 0 | |a Pedagogía | |
| 999 | |c 256829 |d 256827 | ||
| 952 | |0 0 |1 0 |4 0 |6 371_302000000000000_WAL_1989 |7 0 |8 A |9 279824 |a BIBEDU |b BIBEDU |d 2019-11-19 |i 3293645 |o 371.302 WAL 1989 |p 3293645 |r 2019-11-19 |w 2019-11-19 |y BK |k EPE | ||
| 952 | |0 0 |1 0 |4 0 |6 371_302000000000000_WAL_1989 |7 0 |8 A |9 279825 |a BIBEDU |b BIBEDU |d 2019-11-19 |i 3293653 |o 371.302 WAL 1989 |p 3293653 |r 2019-11-19 |w 2019-11-19 |y BK |k EPE | ||
| 952 | |0 0 |1 0 |4 0 |6 371_302000000000000_WAL_1989 |7 0 |8 A |9 279826 |a BIBEDU |b BIBEDU |d 2019-11-19 |i 3293661 |o 371.302 WAL 1989 |p 3293661 |r 2019-11-19 |w 2019-11-19 |y BK |k EPE | ||
| 952 | |0 0 |1 0 |4 0 |6 371_302000000000000_WAL_1989 |7 0 |8 A |9 279827 |a BIBEDU |b BIBEDU |d 2019-11-19 |i 365320K |o 371.302 WAL 1989 |p 365320K |r 2019-11-19 |w 2019-11-19 |y BK |k BME | ||
| 952 | |0 0 |1 0 |4 0 |6 371_302000000000000_WAL_1989 |7 0 |8 A |9 279828 |a BIBEDU |b BIBEDU |d 2019-11-19 |i 3655792 |o 371.302 WAL 1989 |p 3655792 |r 2019-11-19 |w 2019-11-19 |y BK |k BME | ||
| 952 | |0 0 |1 0 |4 0 |6 371_302000000000000_WAL_1989 |7 0 |8 A |9 279829 |a BIBEDU |b BIBEDU |d 2019-11-19 |i 3667782 |o 371.302 WAL 1989 |p 3667782 |r 2019-11-19 |w 2019-11-19 |y BK |k BME | ||
| 952 | |0 0 |1 0 |4 0 |6 371_302000000000000_WAL_1989 |7 0 |8 A |9 279830 |a BIBEDU |b BIBEDU |d 2019-11-19 |i 3667936 |o 371.302 WAL 1989 |p 3667936 |r 2019-11-19 |w 2019-11-19 |y BK |k EPE | ||
| 952 | |0 0 |1 0 |4 0 |6 371_302000000000000_WAL_1989 |7 0 |8 A |9 279831 |a BIBEDU |b BIBEDU |d 2019-11-19 |i 4065239 |o 371.302 WAL 1989 |p 4065239 |r 2019-11-19 |w 2019-11-19 |y BK |k PAR | ||